000
00320nam a22001337a 4500
999
_c
8159
_d
8159
003
OSt
005
20200806130506.0
008
200806b ||||| |||| 00| 0 eng d
082
_a
720.47
_b
PAN
100
_a
Pandya Yatin
245
_a
Sustainable built environment a ponorama
260
_b
Foot prints earth
942
_2
ddc